<?xml version="1.0" encoding="UTF-8"?>
<record
    xmlns:xsi="http://www.w3.org/2001/XMLSchema-instance"
    xsi:schemaLocation="http://www.loc.gov/MARC21/slim http://www.loc.gov/standards/marcxml/schema/MARC21slim.xsd"
    xmlns="http://www.loc.gov/MARC21/slim">

  <leader>01041nam a2200253   4500</leader>
  <controlfield tag="001">8642</controlfield>
  <controlfield tag="003">CO-ViMGA</controlfield>
  <controlfield tag="005">20250919135543.0</controlfield>
  <controlfield tag="008">250919b        |||||||| |||| 00| 0 eng d</controlfield>
  <datafield tag="020" ind1=" " ind2=" ">
    <subfield code="a">9789587577778</subfield>
  </datafield>
  <datafield tag="040" ind1=" " ind2=" ">
    <subfield code="a">CO-ViMGA</subfield>
    <subfield code="b">spa</subfield>
    <subfield code="c">CO-ViMGA</subfield>
  </datafield>
  <datafield tag="084" ind1=" " ind2=" ">
    <subfield code="a">N ESC4</subfield>
  </datafield>
  <datafield tag="100" ind1="1" ind2=" ">
    <subfield code="a">Escobar Giraldo, Octavio</subfield>
    <subfield code="d">Escobar Giraldo, Octavio</subfield>
    <subfield code="9">65024</subfield>
  </datafield>
  <datafield tag="245" ind1="1" ind2="0">
    <subfield code="a">Despu&#xE9;s y antes de Dios /</subfield>
    <subfield code="c">Octavio Escobar Giraldo</subfield>
  </datafield>
  <datafield tag="300" ind1=" " ind2=" ">
    <subfield code="a">210 p&#xE1;ginas</subfield>
    <subfield code="b">19 cm.</subfield>
  </datafield>
  <datafield tag="490" ind1=" " ind2=" ">
    <subfield code="a">Plan Nacional de Lectura y Escritura Leer es mi Cuento / Ministerio de Cultura</subfield>
  </datafield>
  <datafield tag="500" ind1=" " ind2=" ">
    <subfield code="a">Recomendado para un p&#xFA;blico adulto \ Incluye datos biogr&#xE1;ficos del autor en la solapa \ Obra ganadora del Premio Internacional de Novela Corta Ciudad de Barbastro de 2014 y Premio Nacional de Novela de Ministerio de Cultura de 2017</subfield>
  </datafield>
  <datafield tag="650" ind1="1" ind2="4">
    <subfield code="a">Asesinatos - Novela</subfield>
    <subfield code="9">16114</subfield>
  </datafield>
  <datafield tag="650" ind1="1" ind2="4">
    <subfield code="a">Autores Colombianos</subfield>
    <subfield code="9">32</subfield>
  </datafield>
  <datafield tag="650" ind1="1" ind2="4">
    <subfield code="a">Literatura Colombiana</subfield>
    <subfield code="y">Siglo Xx</subfield>
    <subfield code="9">427</subfield>
  </datafield>
  <datafield tag="650" ind1="1" ind2="4">
    <subfield code="a">Novela Colombiana</subfield>
    <subfield code="y">Siglo Xx</subfield>
    <subfield code="9">426</subfield>
  </datafield>
  <datafield tag="650" ind1="1" ind2="4">
    <subfield code="a">Violencia - Novela</subfield>
    <subfield code="9">18897</subfield>
  </datafield>
  <datafield tag="942" ind1=" " ind2=" ">
    <subfield code="2">ddc</subfield>
    <subfield code="c">BK</subfield>
  </datafield>
  <datafield tag="999" ind1=" " ind2=" ">
    <subfield code="c">8642</subfield>
    <subfield code="d">8642</subfield>
  </datafield>
  <datafield tag="952" ind1=" " ind2=" ">
    <subfield code="0">0</subfield>
    <subfield code="1">0</subfield>
    <subfield code="2">ddc</subfield>
    <subfield code="4">0</subfield>
    <subfield code="7">0</subfield>
    <subfield code="8">INF</subfield>
    <subfield code="a">MEPRICO</subfield>
    <subfield code="b">MEPRICO</subfield>
    <subfield code="c">SInf</subfield>
    <subfield code="d">2022-12-16</subfield>
    <subfield code="l">0</subfield>
    <subfield code="o">RAM5</subfield>
    <subfield code="p">PR000000I207</subfield>
    <subfield code="r">2022-12-16 00:00:00</subfield>
    <subfield code="t">Ej.1</subfield>
    <subfield code="w">2022-12-16</subfield>
    <subfield code="y">BKLIT</subfield>
  </datafield>
  <datafield tag="952" ind1=" " ind2=" ">
    <subfield code="0">0</subfield>
    <subfield code="1">0</subfield>
    <subfield code="2">ddc</subfield>
    <subfield code="4">0</subfield>
    <subfield code="7">0</subfield>
    <subfield code="8">GEN</subfield>
    <subfield code="a">MEGUAMAL</subfield>
    <subfield code="b">MEGUAMAL</subfield>
    <subfield code="c">LIT</subfield>
    <subfield code="d">2023-01-31</subfield>
    <subfield code="l">0</subfield>
    <subfield code="o">NESC4</subfield>
    <subfield code="p">GUA000303</subfield>
    <subfield code="r">2023-01-31 00:00:00</subfield>
    <subfield code="t">Ej.1</subfield>
    <subfield code="w">2023-01-31</subfield>
    <subfield code="y">BKLIT</subfield>
  </datafield>
  <datafield tag="952" ind1=" " ind2=" ">
    <subfield code="0">0</subfield>
    <subfield code="1">0</subfield>
    <subfield code="2">ddc</subfield>
    <subfield code="4">0</subfield>
    <subfield code="7">0</subfield>
    <subfield code="8">GEN</subfield>
    <subfield code="a">MEGUAMAL</subfield>
    <subfield code="b">MEGUAMAL</subfield>
    <subfield code="c">LIT</subfield>
    <subfield code="d">2023-01-31</subfield>
    <subfield code="l">0</subfield>
    <subfield code="o">NESC4</subfield>
    <subfield code="p">GUA000304</subfield>
    <subfield code="r">2023-01-31 00:00:00</subfield>
    <subfield code="t">Ej.1</subfield>
    <subfield code="w">2023-01-31</subfield>
    <subfield code="y">BKLIT</subfield>
  </datafield>
  <datafield tag="952" ind1=" " ind2=" ">
    <subfield code="0">0</subfield>
    <subfield code="1">0</subfield>
    <subfield code="2">ddc</subfield>
    <subfield code="4">0</subfield>
    <subfield code="7">0</subfield>
    <subfield code="8">GEN</subfield>
    <subfield code="a">MEDORADO</subfield>
    <subfield code="b">MEDORADO</subfield>
    <subfield code="c">LIT</subfield>
    <subfield code="d">2023-02-16</subfield>
    <subfield code="l">0</subfield>
    <subfield code="o">NESC4</subfield>
    <subfield code="p">DOR01669</subfield>
    <subfield code="r">2023-02-16 00:00:00</subfield>
    <subfield code="t">Ej.1</subfield>
    <subfield code="w">2023-02-16</subfield>
    <subfield code="y">BKLIT</subfield>
  </datafield>
  <datafield tag="952" ind1=" " ind2=" ">
    <subfield code="0">0</subfield>
    <subfield code="1">0</subfield>
    <subfield code="2">ddc</subfield>
    <subfield code="4">0</subfield>
    <subfield code="7">0</subfield>
    <subfield code="8">GEN</subfield>
    <subfield code="a">MESMARTI</subfield>
    <subfield code="b">MESMARTI</subfield>
    <subfield code="c">LIT</subfield>
    <subfield code="d">2023-05-11</subfield>
    <subfield code="l">0</subfield>
    <subfield code="o">N ESC4</subfield>
    <subfield code="p">SM00279</subfield>
    <subfield code="r">2023-05-11 00:00:00</subfield>
    <subfield code="t">Ej.1</subfield>
    <subfield code="w">2023-05-11</subfield>
    <subfield code="y">BKLIT</subfield>
  </datafield>
  <datafield tag="952" ind1=" " ind2=" ">
    <subfield code="0">0</subfield>
    <subfield code="1">0</subfield>
    <subfield code="2">ddc</subfield>
    <subfield code="4">0</subfield>
    <subfield code="7">0</subfield>
    <subfield code="8">GEN</subfield>
    <subfield code="a">MEFTEORO</subfield>
    <subfield code="b">MEFTEORO</subfield>
    <subfield code="c">LIT</subfield>
    <subfield code="d">2023-06-06</subfield>
    <subfield code="o">N ESC4</subfield>
    <subfield code="p">Fo00001151</subfield>
    <subfield code="r">2023-06-06 00:00:00</subfield>
    <subfield code="t">Ej.1</subfield>
    <subfield code="w">2023-06-06</subfield>
    <subfield code="y">BKLIT</subfield>
  </datafield>
  <datafield tag="952" ind1=" " ind2=" ">
    <subfield code="0">0</subfield>
    <subfield code="1">0</subfield>
    <subfield code="2">ddc</subfield>
    <subfield code="4">0</subfield>
    <subfield code="7">0</subfield>
    <subfield code="8">GEN</subfield>
    <subfield code="a">MECUBARR</subfield>
    <subfield code="b">MECUBARR</subfield>
    <subfield code="c">LIT</subfield>
    <subfield code="d">2023-07-27</subfield>
    <subfield code="l">0</subfield>
    <subfield code="o">N ESC4</subfield>
    <subfield code="p">CUB01287</subfield>
    <subfield code="r">2023-07-27 21:49:25</subfield>
    <subfield code="t">Ej.1</subfield>
    <subfield code="w">2023-07-27</subfield>
    <subfield code="y">BKLIT</subfield>
  </datafield>
  <datafield tag="952" ind1=" " ind2=" ">
    <subfield code="0">0</subfield>
    <subfield code="1">0</subfield>
    <subfield code="2">ddc</subfield>
    <subfield code="4">0</subfield>
    <subfield code="7">0</subfield>
    <subfield code="8">GEN</subfield>
    <subfield code="a">MEBAUPIA</subfield>
    <subfield code="b">MEBAUPIA</subfield>
    <subfield code="c">LIT</subfield>
    <subfield code="d">2023-09-12</subfield>
    <subfield code="l">0</subfield>
    <subfield code="o">N ESC4</subfield>
    <subfield code="p">BUP00146</subfield>
    <subfield code="r">2023-09-12 14:53:57</subfield>
    <subfield code="t">Ej.1</subfield>
    <subfield code="w">2023-09-12</subfield>
    <subfield code="y">BKLIT</subfield>
  </datafield>
  <datafield tag="952" ind1=" " ind2=" ">
    <subfield code="0">0</subfield>
    <subfield code="1">0</subfield>
    <subfield code="2">ddc</subfield>
    <subfield code="4">0</subfield>
    <subfield code="7">0</subfield>
    <subfield code="8">001</subfield>
    <subfield code="a">MEVIGACOM</subfield>
    <subfield code="b">MEVIGACOM</subfield>
    <subfield code="d">2019-03-05</subfield>
    <subfield code="l">0</subfield>
    <subfield code="o">N ESC4</subfield>
    <subfield code="p">32597</subfield>
    <subfield code="r">2019-03-05 00:00:00</subfield>
    <subfield code="w">2019-03-05</subfield>
    <subfield code="y">BK</subfield>
  </datafield>
  <datafield tag="952" ind1=" " ind2=" ">
    <subfield code="0">0</subfield>
    <subfield code="1">0</subfield>
    <subfield code="2">ddc</subfield>
    <subfield code="4">0</subfield>
    <subfield code="7">0</subfield>
    <subfield code="8">003</subfield>
    <subfield code="a">MEVIECAR</subfield>
    <subfield code="b">MEVIECAR</subfield>
    <subfield code="d">2019-03-05</subfield>
    <subfield code="l">0</subfield>
    <subfield code="o">N ESC4</subfield>
    <subfield code="p">32596</subfield>
    <subfield code="r">2019-03-05 00:00:00</subfield>
    <subfield code="w">2019-03-05</subfield>
    <subfield code="y">BK</subfield>
  </datafield>
  <datafield tag="952" ind1=" " ind2=" ">
    <subfield code="0">0</subfield>
    <subfield code="1">0</subfield>
    <subfield code="2">ddc</subfield>
    <subfield code="4">0</subfield>
    <subfield code="7">0</subfield>
    <subfield code="8">GEN</subfield>
    <subfield code="a">MEMACARE</subfield>
    <subfield code="b">MEMACARE</subfield>
    <subfield code="c">LIT</subfield>
    <subfield code="d">2023-10-26</subfield>
    <subfield code="l">0</subfield>
    <subfield code="o">N  ESC4</subfield>
    <subfield code="p">LM00576</subfield>
    <subfield code="r">2023-10-26 17:09:49</subfield>
    <subfield code="t">Ej.1</subfield>
    <subfield code="w">2023-10-26</subfield>
    <subfield code="y">BK</subfield>
  </datafield>
  <datafield tag="952" ind1=" " ind2=" ">
    <subfield code="0">0</subfield>
    <subfield code="1">0</subfield>
    <subfield code="2">ddc</subfield>
    <subfield code="4">0</subfield>
    <subfield code="7">0</subfield>
    <subfield code="8">GEN</subfield>
    <subfield code="a">MESGUARO</subfield>
    <subfield code="b">MESGUARO</subfield>
    <subfield code="c">LIT</subfield>
    <subfield code="d">2024-04-16</subfield>
    <subfield code="l">0</subfield>
    <subfield code="o">N ESC4</subfield>
    <subfield code="p">SG01634</subfield>
    <subfield code="r">2024-04-16 14:05:07</subfield>
    <subfield code="t">Ej.1</subfield>
    <subfield code="w">2024-04-16</subfield>
    <subfield code="y">BK</subfield>
  </datafield>
  <datafield tag="952" ind1=" " ind2=" ">
    <subfield code="0">0</subfield>
    <subfield code="1">0</subfield>
    <subfield code="2">ddc</subfield>
    <subfield code="4">0</subfield>
    <subfield code="7">0</subfield>
    <subfield code="8">GEN</subfield>
    <subfield code="a">MECUMARA</subfield>
    <subfield code="b">MECUMARA</subfield>
    <subfield code="c">LIT</subfield>
    <subfield code="d">2024-07-11</subfield>
    <subfield code="l">0</subfield>
    <subfield code="o">NESC4</subfield>
    <subfield code="p">CUM01017</subfield>
    <subfield code="r">2024-07-11 16:21:16</subfield>
    <subfield code="t">Ej.1</subfield>
    <subfield code="w">2024-07-11</subfield>
    <subfield code="y">BK</subfield>
  </datafield>
  <datafield tag="952" ind1=" " ind2=" ">
    <subfield code="0">0</subfield>
    <subfield code="1">0</subfield>
    <subfield code="2">ddc</subfield>
    <subfield code="4">0</subfield>
    <subfield code="7">0</subfield>
    <subfield code="8">GEN</subfield>
    <subfield code="a">MEURIBE</subfield>
    <subfield code="b">MEURIBE</subfield>
    <subfield code="c">LIT</subfield>
    <subfield code="d">2024-10-01</subfield>
    <subfield code="l">0</subfield>
    <subfield code="o">N ESC4</subfield>
    <subfield code="p">URI01536</subfield>
    <subfield code="r">2024-10-01 11:24:37</subfield>
    <subfield code="t">Ej.1</subfield>
    <subfield code="w">2024-10-01</subfield>
    <subfield code="y">BKLIT</subfield>
  </datafield>
  <datafield tag="952" ind1=" " ind2=" ">
    <subfield code="0">0</subfield>
    <subfield code="1">0</subfield>
    <subfield code="2">ddc</subfield>
    <subfield code="4">0</subfield>
    <subfield code="7">0</subfield>
    <subfield code="a">MEMESETA</subfield>
    <subfield code="b">MEMESETA</subfield>
    <subfield code="c">LIT</subfield>
    <subfield code="d">2024-10-16</subfield>
    <subfield code="k">9789587577778</subfield>
    <subfield code="l">0</subfield>
    <subfield code="o">N ESC4</subfield>
    <subfield code="p">ME000352</subfield>
    <subfield code="r">2024-10-16 10:18:07</subfield>
    <subfield code="t">Ej.1</subfield>
    <subfield code="w">2024-10-16</subfield>
    <subfield code="y">BK</subfield>
  </datafield>
  <datafield tag="952" ind1=" " ind2=" ">
    <subfield code="0">0</subfield>
    <subfield code="1">0</subfield>
    <subfield code="2">ddc</subfield>
    <subfield code="4">0</subfield>
    <subfield code="7">0</subfield>
    <subfield code="8">GEN</subfield>
    <subfield code="a">MECLANUE</subfield>
    <subfield code="b">MECLANUE</subfield>
    <subfield code="c">LIT</subfield>
    <subfield code="d">2024-11-16</subfield>
    <subfield code="l">0</subfield>
    <subfield code="o">N ESC4</subfield>
    <subfield code="p">CLN00059</subfield>
    <subfield code="r">2024-11-16 15:01:07</subfield>
    <subfield code="t">Ej.1</subfield>
    <subfield code="w">2024-11-16</subfield>
    <subfield code="y">BKLIT</subfield>
  </datafield>
  <datafield tag="952" ind1=" " ind2=" ">
    <subfield code="0">0</subfield>
    <subfield code="1">0</subfield>
    <subfield code="4">0</subfield>
    <subfield code="7">0</subfield>
    <subfield code="8">012</subfield>
    <subfield code="a">MEVIGERR</subfield>
    <subfield code="b">MEVIGERR</subfield>
    <subfield code="c">LIT</subfield>
    <subfield code="d">2006-11-27</subfield>
    <subfield code="o">N ESC4</subfield>
    <subfield code="p">ECA3624</subfield>
    <subfield code="r">2024-11-26 09:28:56</subfield>
    <subfield code="t">Ej.1</subfield>
    <subfield code="w">2024-11-26</subfield>
    <subfield code="y">BK</subfield>
    <subfield code="z">4562 | 6612</subfield>
  </datafield>
  <datafield tag="952" ind1=" " ind2=" ">
    <subfield code="0">0</subfield>
    <subfield code="1">0</subfield>
    <subfield code="2">ddc</subfield>
    <subfield code="4">0</subfield>
    <subfield code="7">0</subfield>
    <subfield code="a">MEVHERMO</subfield>
    <subfield code="b">MEVHERMO</subfield>
    <subfield code="d">2025-03-18</subfield>
    <subfield code="k">N ESC4 EJ1</subfield>
    <subfield code="l">0</subfield>
    <subfield code="p">VIST   00016000</subfield>
    <subfield code="r">2025-03-18 15:24:41</subfield>
    <subfield code="t">Ej.1</subfield>
    <subfield code="w">2025-03-18</subfield>
    <subfield code="y">BK</subfield>
  </datafield>
  <datafield tag="952" ind1=" " ind2=" ">
    <subfield code="0">0</subfield>
    <subfield code="1">0</subfield>
    <subfield code="2">lcc</subfield>
    <subfield code="4">0</subfield>
    <subfield code="7">0</subfield>
    <subfield code="8">GEN</subfield>
    <subfield code="a">MESJUANI</subfield>
    <subfield code="b">MESJUANI</subfield>
    <subfield code="c">LIT</subfield>
    <subfield code="d">2025-09-19</subfield>
    <subfield code="l">0</subfield>
    <subfield code="o">N ESC4</subfield>
    <subfield code="p">SJU02238</subfield>
    <subfield code="r">2025-09-19 13:56:58</subfield>
    <subfield code="t">Ej.1</subfield>
    <subfield code="w">2025-09-19</subfield>
    <subfield code="y">BK</subfield>
  </datafield>
  <datafield tag="952" ind1=" " ind2=" ">
    <subfield code="0">0</subfield>
    <subfield code="1">0</subfield>
    <subfield code="2">ddc</subfield>
    <subfield code="4">0</subfield>
    <subfield code="7">0</subfield>
    <subfield code="8">GEN</subfield>
    <subfield code="a">MEPLOPEZ</subfield>
    <subfield code="b">MEPLOPEZ</subfield>
    <subfield code="c">GEN</subfield>
    <subfield code="d">2025-10-03</subfield>
    <subfield code="l">0</subfield>
    <subfield code="o">N ESC4</subfield>
    <subfield code="p">PLZ04178</subfield>
    <subfield code="r">2025-10-03 19:03:16</subfield>
    <subfield code="t">Ej.1</subfield>
    <subfield code="w">2025-10-03</subfield>
    <subfield code="y">BK</subfield>
  </datafield>
  <datafield tag="952" ind1=" " ind2=" ">
    <subfield code="0">0</subfield>
    <subfield code="1">0</subfield>
    <subfield code="2">ddc</subfield>
    <subfield code="4">0</subfield>
    <subfield code="7">0</subfield>
    <subfield code="8">GEN</subfield>
    <subfield code="a">MELEJANI</subfield>
    <subfield code="b">MELEJANI</subfield>
    <subfield code="c">GEN</subfield>
    <subfield code="d">2026-02-09</subfield>
    <subfield code="l">0</subfield>
    <subfield code="o">N ESC4</subfield>
    <subfield code="p">LEJ02245</subfield>
    <subfield code="r">2026-02-09 13:49:37</subfield>
    <subfield code="t">Ej.1</subfield>
    <subfield code="w">2026-02-09</subfield>
    <subfield code="y">BK</subfield>
  </datafield>
  <datafield tag="952" ind1=" " ind2=" ">
    <subfield code="0">0</subfield>
    <subfield code="1">0</subfield>
    <subfield code="2">ddc</subfield>
    <subfield code="4">0</subfield>
    <subfield code="7">0</subfield>
    <subfield code="8">GEN</subfield>
    <subfield code="a">MELEJANI</subfield>
    <subfield code="b">MELEJANI</subfield>
    <subfield code="c">GEN</subfield>
    <subfield code="d">2026-02-09</subfield>
    <subfield code="l">0</subfield>
    <subfield code="o">N ESC4</subfield>
    <subfield code="p">LEJ02294</subfield>
    <subfield code="r">2026-02-09 20:54:26</subfield>
    <subfield code="t">Ej.1</subfield>
    <subfield code="w">2026-02-09</subfield>
    <subfield code="y">BK</subfield>
  </datafield>
  <datafield tag="952" ind1=" " ind2=" ">
    <subfield code="0">0</subfield>
    <subfield code="1">0</subfield>
    <subfield code="2">ddc</subfield>
    <subfield code="4">0</subfield>
    <subfield code="7">0</subfield>
    <subfield code="8">012</subfield>
    <subfield code="a">MEGRANAD</subfield>
    <subfield code="b">MEGRANAD</subfield>
    <subfield code="c">LIT</subfield>
    <subfield code="d">2026-02-20</subfield>
    <subfield code="e">BIBLIOTECA NACIONAL</subfield>
    <subfield code="l">0</subfield>
    <subfield code="o">N ESC4</subfield>
    <subfield code="p">GRDA05067</subfield>
    <subfield code="r">2026-02-20 20:55:00</subfield>
    <subfield code="t">Ej.2</subfield>
    <subfield code="w">2026-02-20</subfield>
    <subfield code="y">BK</subfield>
  </datafield>
  <datafield tag="952" ind1=" " ind2=" ">
    <subfield code="0">0</subfield>
    <subfield code="1">0</subfield>
    <subfield code="2">lcc</subfield>
    <subfield code="4">0</subfield>
    <subfield code="7">0</subfield>
    <subfield code="8">GEN</subfield>
    <subfield code="a">MEPCONCO</subfield>
    <subfield code="b">MEPCONCO</subfield>
    <subfield code="c">GEN</subfield>
    <subfield code="d">2026-05-08</subfield>
    <subfield code="l">0</subfield>
    <subfield code="o">N ESC4</subfield>
    <subfield code="p">PCON02704</subfield>
    <subfield code="r">2026-05-08 19:44:17</subfield>
    <subfield code="t">Ej.1</subfield>
    <subfield code="w">2026-05-08</subfield>
    <subfield code="y">BK</subfield>
  </datafield>
</record>
